Delia's shadow #1 / Jaime Lee Moyer.
Available copies
- 1 of 1 copy available at LARL/NWRL Consortium.
- 1 of 1 copy available at Lake Agassiz Regional Library. (Show preferred library)
Current holds
0 current holds with 1 total copy.
Show Only Available Copies
| Location | Call Number / Copy Notes | Barcode | Shelving Location | Status | Due Date |
|---|---|---|---|---|---|
| Moorhead Public Library | SF MOY (Text) | 33500011616190 | Main | Available | - |
Record details
- ISBN: 9780765331823 (hardback)
- ISBN: 0765331829 (hardback)
- ISBN: 9780765331854 (trade paperback)
- ISBN: 0765331853 (trade paperback)
- Physical Description: pages cm
- Edition: First edition.
- Publisher: New York : Tor, 2013.
Content descriptions
| General Note: | "A Tom Doherty Associates book." |
| Summary, etc.: | "It is the dawn of a new century in San Francisco ... Read More |
Search for related items by subject
| Subject: | Young women > Fiction. Ghosts > Fiction. Serial murderers > Fiction San Francisco (Calif.) > History > 20th century > Fiction. FICTION / Fantasy / General. |
| Genre: | Fantasy fiction. Mystery fiction. Ghost stories. Historical fiction. |
Search for related items by series
| LDR | 02626cam a22005418i 4500 | ||
|---|---|---|---|
| 001 | 156039 | ||
| 003 | LARL_NWRL_CONSORTIUM | ||
| 005 | 20130826105723.0 | ||
| 008 | 130605s2013 nyu 000 1 eng | ||
| 010 | . | ‡a2013018475 | |
| 020 | . | ‡a9780765331823 (hardback) | |
| 020 | . | ‡a0765331829 (hardback) | |
| 020 | . | ‡z9781429949484 (e-book) | |
| 020 | . | ‡a9780765331854 (trade paperback) | |
| 020 | . | ‡a0765331853 (trade paperback) | |
| 035 | . | ‡a(OCoLC)847246164 | |
| 040 | . | ‡aDLC ‡beng ‡erda ‡cDLC ‡dUPZ | |
| 042 | . | ‡apcc | |
| 043 | . | ‡an-us-ca | |
| 050 | 0 | 0. | ‡aPS3613.O925 ‡bD45 2013 |
| 082 | 0 | 0. | ‡a813/.6 ‡223 |
| 084 | . | ‡aFIC009000 ‡2bisacsh | |
| 100 | 1 | . | ‡aMoyer, Jaime Lee. |
| 245 | 1 | 0. | ‡aDelia's shadow ‡n#1 / ‡cJaime Lee Moyer. |
| 250 | . | ‡aFirst edition. | |
| 260 | . | ‡aNew York : ‡bTor, ‡c2013. | |
| 300 | . | ‡apages cm | |
| 336 | . | ‡atext ‡2rdacontent | |
| 337 | . | ‡aunmediated ‡2rdamedia | |
| 338 | . | ‡avolume ‡2rdacarrier | |
| 490 | 0 | . | ‡aDelia Martin ; ‡v1 |
| 500 | . | ‡a"A Tom Doherty Associates book." | |
| 520 | . | ‡a"It is the dawn of a new century in San Francisco and Delia Martin is a wealthy young woman whose life appears ideal. But a dark secret colors her life, for Delia's most loyal companions are ghosts, as she has been gifted (or some would say cursed) with an ability to peer across to the other side.Since the great quake rocked her city in 1906, Delia has been haunted by an avalanche of the dead clamoring for her help. Delia flees to the other side of the continent, hoping to gain some peace. After several years in New York, Delia believes she is free...until one determined specter appears and she realizes that she must return to the City by the Bay in order to put this tortured soul to rest.It will not be easy, as the ghost is only one of the many victims of a serial killer who was never caught. A killer who after thirty years is killing again. And who is now aware of Delia's existence"-- ‡cProvided by publisher. | |
| 650 | 0. | ‡aYoung women ‡vFiction. ‡0(LARL_NWRL_CONSORTIUM)168213 | |
| 650 | 0. | ‡aGhosts ‡vFiction. ‡0(LARL_NWRL_CONSORTIUM)176019 | |
| 650 | 0. | ‡aSerial murderers ‡vFiction ‡0(LARL_NWRL_CONSORTIUM)167313 | |
| 651 | 0. | ‡aSan Francisco (Calif.) ‡xHistory ‡y20th century ‡vFiction. | |
| 650 | 7. | ‡aFICTION / Fantasy / General. ‡2bisacsh | |
| 655 | 7. | ‡aFantasy fiction. ‡2gsafd | |
| 655 | 7. | ‡aMystery fiction. ‡2gsafd | |
| 655 | 7. | ‡aGhost stories. ‡2gsafd | |
| 655 | 7. | ‡aHistorical fiction. ‡2gsafd | |
| 948 | . | ‡hNO HOLDINGS IN LAL - 17 OTHER HOLDINGS | |
| 994 | . | ‡aZ0 ‡bLAL | |
| 901 | . | ‡a156039 ‡bOCLC ‡c156039 ‡tbiblio | |

Add to basket
Permalink
Disable Highlighting